Administración de mercado : estrategias y programas

Uloženo v:
Podrobná bibliografie
Hlavní autor: Guiltinan, Joseph P.
Médium: Kniha
Jazyk:španělština
Vydáno: Mc Graw Hill. c1988.
Témata:
Tagy: Přidat tag
Žádné tagy, Buďte první, kdo vytvoří štítek k tomuto záznamu!

MARC

LEADER 00000nam a22000005a 4500
001 6556
003 CL-ChBUA
005 20120815102950.0
008 070301s1988 mx 000 0 spa
020 |a 9684513941 
040 |a CL-ChBUA  |c CL-ChBUA 
082 0 0 |a 658.83 
090 |c 6556  |d 6556 
100 1 |a Guiltinan, Joseph P. 
245 1 0 |a Administración de mercado :  |b estrategias y programas 
260 |b Mc Graw Hill.  |c c1988. 
300 |a 440 p.  |c 23 cm. 
504 |a Indice. 
650 4 |a ADMINISTRACION DE MERCADO. 
942 |c LIB 
952 |0 0  |1 0  |4 0  |7 0  |9 9908  |a UNACH  |b UNACH  |c 600  |d 2007-03-05  |i 26.125.  |l 0  |o 658.83 / G 957.  |p 10907  |r 2025-05-06 18:24:11  |u 9908  |w 2012-08-08  |y LIB  |k 658.83 / G 957. 
999 |c 6556  |d 6556